00518nam a22001097a 4500008004100000040005500041080002700096245018300123260007600306300001000382650001600392230209b |||||||| |||| 00| 0 eng d aNational Science LibrarycNational Science Library a63:338(047)(6-202)bK2 aFAO Africa survey c/ Food and Agriculture Organization of the United Nations, report on the possibilities of African rural development in relation to economic and social growth  aRome: bFood and Agriculture Organization of the United Nations, c1962 a168p. aAgriculture